Normal view
MARC view
Entry Corporate Name
001 - CONTROL NUMBER
- control field: 48678
003 - CONTROL NUMBER IDENTIFIER
- control field: ARRUPE
005 - DATE AND TIME OF LATEST TRANSACTION
- control field: 20191114103954.0
008 - FIXED-LENGTH DATA ELEMENTS
- fixed length control field: 191114|| aca||aabn | a|a d
040 ## - CATALOGING SOURCE
- Original cataloging agency: ARRUPE
- Transcribing agency: ARRUPE
110 ## - HEADING--CORPORATE NAME
- Corporate name or jurisdiction name as entry element: Inter-Agency Standing Committee.
670 ## - SOURCE DATA FOUND
- Source citation: Work cat.: (ARRUPE)0: Women, girls, boys, and men :, c2006.